| 000 | 00599nam a2200157Ia 4500 | ||
|---|---|---|---|
| 008 | 250506s9999 xx 000 0 und d | ||
| 024 | _a20B-010-PE, 20B-007-PE, 19B-042-PE & 17B-043-EE | ||
| 082 | _a621.072 MUH | ||
| 100 | _aMuhammad Qamar Ali, Syed Ali Hassan, Hanzala Zahid & Nabil Khurshid | ||
| 110 | _aDr. Abdul Qadir | ||
| 245 | 0 | _aSmart Solar Electrical System for Small House/Tents | |
| 260 |
_aKarachi: _bUIT, _c2020 |
||
| 600 | _aPower Engineering | ||
| 650 | _aBachelor of Engineering (BE) | ||
| 856 | _uhttps://drive.google.com/file/d/1m4C4KWXOVbcEruPUtQ8XB1AkKd6UVGfi/view?usp=sharing | ||
| 999 |
_c29138 _d29138 |
||